000 00706cam a2200253 4500
008 090401t1992 xxu||||| |||| 00| 0 eng d
020 _a0854065512
035 _a(Sirsi) u56404
041 _aeng
050 _a346.410435
090 _aRICS 1992/73ABCD
100 _aAnstey, John
245 _aRights of light and how to deal with them.
250 _a2nd ed.
260 _aLondon
_bRICS Books
_c1992
300 _a118p. : ill. ; 21cm.
350 _a10.75
520 _aSUPERSEDED: Replaced by 3rd edition (RICS 1998/2)
650 _aRIGHTS TO LIGHT
690 _aPROPERTY LAW AND PRACTICE
710 _aRoyal Institution of Chartered Surveyors
_94900
942 _n0
948 _c04/03/1997
999 _c93786
_d93786